000 00408nam a2200157Ia 4500
008 230711s9999||||xx |||||||||||||| ||und||
041 _aENG
082 _a4
_bDA-P
100 _aDale,Nell B
245 0 _aIntroduction to Pascal and structured design
250 _a1st Ed.
260 _c1989
_aNew Delhi
_bTata McGraw Hill Education Limited
300 _a1331
650 _aComputer Engineering
942 _cBK
999 _c2022
_d2022